000 00724nam a2200241Ia 4500
003 OSt
005 20220927105031.0
006 a|||||r|||| 00| 0
007 ta
008 220926b |||||||| |||| 00| 0 eng d
024 _a159607
037 _cReference Collections
040 _aRTL
_cRTL
_beng
041 _2eng
_aeng
082 _a"X9 (JB) m1N45, N47, L3"
110 _a"UN, FOOD AND AGRICULTURE OGANIZATION"
_9369742
245 0 _aYearbook of forest products
_b Review 1962-73
260 _aRome
_bFAO
_c1975
300 _a371p
_ccm.
700 _a"UN, FOOD AND AGRICULTURE OGANIZATION"
_9369743
942 _h"X9 (JB) m1N45, N47, L3"
_cCC
999 _c690386
_d690386